Govt. of
Madhya Pradesh

Enviromental Science (Record no. 40255)

MARC details
000 -LEADER
fixed length control field 004250000a22001690004500
003 - CONTROL NUMBER IDENTIFIER
control field MACL
005 - DATE AND TIME OF LATEST TRANSACTION
control field 20151219135616.0
008 - FIXED-LENGTH DATA ELEMENTS--GENERAL INFORMATION
fixed length control field 151219b xxu||||| |||| 00| 0 eng d
040 ## - CATALOGING SOURCE
Original cataloging agency MACL
Transcribing agency MACL
041 ## - LANGUAGE CODE
Language code of text/sound track or separate title English
082 ## - DEWEY DECIMAL CLASSIFICATION NUMBER
Classification number 333/CHI
100 ## - MAIN ENTRY--PERSONAL NAME
Personal name Chiras, Daniel D
9 (RLIN) 21384
245 ## - TITLE STATEMENT
Title Enviromental Science
260 ## - PUBLICATION, DISTRIBUTION, ETC. (IMPRINT)
Name of publisher, distributor, etc. Wadsworth Publishing Company
Date of publication, distribution, etc. 1998
650 ## - SUBJECT ADDED ENTRY--TOPICAL TERM
Topical term or geographic name as entry element Environment
9 (RLIN) 21385
942 ## - ADDED ENTRY ELEMENTS (KOHA)
Koha item type Books
Call number prefix 333/CHI
Source of classification or shelving scheme
Holdings
Withdrawn status Lost status Source of classification or shelving scheme Damaged status Not for loan Home library Current library Date acquired Full call number Barcode Date last seen Uniform Resource Identifier Price effective from Koha item type
          MACL MACL 15/04/2015 333/CHI GRB000855 29/04/2015 40501 15/04/2015 Books